| 000 | 00351nam a2200145Ia 4500 | ||
|---|---|---|---|
| 008 | 230312s9999||||xx |||||||||||||| ||und|| | ||
| 082 |
_a624.18 _bARO-B |
||
| 100 | _aArora;N.L | ||
| 245 | 0 | _aBuilding Construction | |
| 260 |
_bSatya Prakashan _aIndia |
||
| 300 | _a426 | ||
| 546 | _aEng. | ||
| 650 |
_aArchitecture _vBuilding Construction |
||
| 942 | _cBK | ||
| 999 |
_c6602 _d6602 |
||